Sports Quiz

Random Sports Quiz

2000s All Star Break Batting Leaders Quiz Stats

Quiz not verified by Sporcle

Also try: Sports in Motion
Challenge
Share
Tweet
Embed
Score 0/150 Timer 20:00
0 Plays Today
Year Player % Correct
2006Derek Jeter
95.2%
2007Derek Jeter
95.2%
2001Ichiro Suzuki
91.1%
2002Ichiro Suzuki
91.1%
2003Ichiro Suzuki
91.1%
2006Ichiro Suzuki
91.1%
2007Ichiro Suzuki
91.1%
2009Ichiro Suzuki
91.1%
2010Ichiro Suzuki
91.1%
2003Albert Pujols
90.3%
2005Albert Pujols
90.3%
2005Miguel Cabrera
90.3%
2006Miguel Cabrera
90.3%
2007Chipper Jones
90.3%
2008Chipper Jones
90.3%
2008Albert Pujols
90.3%
2009Albert Pujols
90.3%
2010Miguel Cabrera
90.3%
2012Melky Cabrera
90.3%
2013Miguel Cabrera
90.3%
2000Ivan Rodriguez
89.5%
2004Ivan Rodriguez
89.5%
2004Manny Ramirez
89.5%
2007Hanley Ramirez
89.5%
2009Hanley Ramirez
89.5%
2001Luis Gonzalez
86.3%
2001Juan Gonzalez
86.3%
2011Adrian Gonzalez
86.3%
2012Carlos Gonzalez
86.3%
2000Todd Helton
84.7%
2002Todd Helton
84.7%
2002Barry Bonds
84.7%
2003Todd Helton
84.7%
2004Barry Bonds
84.7%
2004Todd Helton
84.7%
2011Todd Helton
84.7%
2013Joe Mauer
82.3%
2006Joe Mauer
82.3%
2008Joe Mauer
82.3%
2009Joe Mauer
82.3%
2012Joe Mauer
82.3%
2001Larry Walker
81.5%
2002Larry Walker
81.5%
2014Robinson Cano
79.8%
2014Victor Martinez
79.8%
2004Michael Young
79.8%
2005Michael Young
79.8%
2007Dmitri Young
79.8%
2010Robinson Cano
79.8%
2011Michael Young
79.8%
Year Player % Correct
2014Troy Tulowitzki
77.4%
2012Mike Trout
77.4%
2013Mike Trout
77.4%
2009Carlos Beltran
76.6%
2009David Wright
76.6%
2012David Wright
76.6%
2011Ryan Braun
75%
2014Adrian Beltre
71.8%
2005Derrek Lee
71.8%
2007Derrek Lee
71.8%
2010Adrian Beltre
71.8%
2000Nomar Garciaparra
71%
2006Nomar Garciaparra
71%
2007Magglio Ordonez
71%
2011Jose Reyes
71%
2011Joey Votto
71%
2012Joey Votto
71%
2000Vladimir Guerrero
70.2%
2002Vladimir Guerrero
70.2%
2004Vladimir Guerrero
70.2%
2005Vladimir Guerrero
70.2%
2008Justin Morneau
70.2%
2010Justin Morneau
70.2%
2001Lance Berkman
69.4%
2006Matt Holliday
69.4%
2007Matt Holliday
69.4%
2008Lance Berkman
69.4%
2008Matt Holliday
69.4%
2010Josh Hamilton
69.4%
2005Miguel Tejada
67.7%
2009Miguel Tejada
67.7%
2014Andrew McCutchen
65.3%
2012Andrew McCutchen
65.3%
2011Jose Bautista
63.7%
2013Buster Posey
63.7%
2005Nick Johnson
62.9%
2013Chris Johnson
62.9%
2004Scott Rolen
61.3%
2006Scott Rolen
61.3%
2000Carlos Delgado
60.5%
2000Jeff Kent
60.5%
2002Paul Konerko
58.1%
2005Johnny Damon
58.1%
2008Johnny Damon
58.1%
2011Paul Konerko
58.1%
2012Paul Konerko
58.1%
2013Yadier Molina
57.3%
2003Melvin Mora
55.6%
2004Melvin Mora
55.6%
2009Juan Pierre
55.6%
Year Player % Correct
2012Austin Jackson
54.8%
2008Ian Kinsler
53.2%
2001Moises Alou
51.6%
2006Freddy Sanchez
50%
2009Pablo Sandoval
50%
2005Brian Roberts
49.2%
2000Luis Castillo
48.4%
2002Luis Castillo
48.4%
2005Luis Castillo
48.4%
2013Michael Cuddyer
48.4%
2001Roberto Alomar
46.8%
2007Hunter Pence
44.4%
2011Hunter Pence
44.4%
2014Jose Altuve
43.5%
2000Darin Erstad
43.5%
2001Placido Polanco
41.9%
2007Placido Polanco
41.9%
2000Mike Sweeney
41.1%
2002Mike Sweeney
41.1%
2003Edgar Renteria
40.3%
2000Jose Vidro
38.7%
2003Jose Vidro
38.7%
2013Matt Carpenter
37.1%
2010Rafael Furcal
37.1%
2003Bill Mueller
35.5%
2003Jose Guillen
34.7%
2001Rich Aurilia
29.8%
2014Michael Brantley
28.2%
2006Alex Rios
27.4%
2010Martin Prado
27.4%
2013Allen Craig
25.8%
2004Sean Casey
23.4%
2003Milton Bradley
22.6%
2014Matt Adams
21.8%
2012Carlos Ruiz
21.8%
2002Paul Lo Duca
20.2%
2004Lyle Overbay
18.5%
2014Lonnie Chisenhall
13.7%
2001Cliff Floyd
13.7%
2006Gary Matthews, Jr.
12.9%
2009Jason Bartlett
12.9%
2014Casey McGehee
11.3%
2013Jean Segura
11.3%
2008Ryan Theriot
7.3%
2011Casey Kotchman
7.3%
2008Xavier Nady
4.8%
2010David DeJesus
4.8%
2003Mike Lieberthal
4%
2002Junior Spivey
2.4%
2010Brennan Boesch
0.8%

You're not logged in!

Compare scores with friends on all Sporcle quizzes.
Join for Free
OR
Log In

You Might Also Like...

Show Comments

Extras

Top Quizzes Today


Score Distribution

Your Account Isn't Verified!

In order to create a playlist on Sporcle, you need to verify the email address you used during registration. Go to your Sporcle Settings to finish the process.

Report this User

Report this user for behavior that violates our Community Guidelines.

Details: